| 000 | 00711cam a22002533a 4500 | ||
|---|---|---|---|
| 001 | 11377 | ||
| 003 | PGUSA | ||
| 005 | 20140828083236.0 | ||
| 008 | 040201s2004||||xxu|||||s|||||000 1 eng d | ||
| 040 |
_aPGUSA _beng |
||
| 042 | _adc | ||
| 050 | 4 | _aPR | |
| 100 | 1 |
_aBlackwood, Algernon, _d1869-1951 |
|
| 245 | 1 | 4 |
_aThe Man Whom the Trees Loved _h[electronic resource] / _cAlgernon Blackwood |
| 260 |
_bProject Gutenberg, _c2004 |
||
| 506 | _aPublic domain in the USA. | ||
| 516 | _aElectronic text | ||
| 653 | _aPainters -- Fiction | ||
| 653 | _aTrees -- Fiction | ||
| 653 | _aParanormal fiction | ||
| 830 | 0 |
_aProject Gutenberg _v11377 |
|
| 856 | 4 | 0 | _uhttp://www.gutenberg.org/ebooks/11377 |
| 942 | _cEB | ||
| 999 |
_c240632 _d240632 |
||